| 000 | 00729nam a2200253Ia 4500 | ||
|---|---|---|---|
| 003 | OSt | ||
| 005 | 20221005035112.0 | ||
| 006 | a|||||r|||| 00| 0 | ||
| 007 | ta | ||
| 008 | 221004b |||||||| |||| 00| 0 eng d | ||
| 020 | _c175 | ||
| 024 | _a4327 | ||
| 037 |
_b8558, 25/03/2013, Bookwell Publications _cTextual |
||
| 040 |
_aCRL _cCRL _beng |
||
| 041 |
_2eng _aeng |
||
| 082 | _aR43, N9 | ||
| 100 |
_aBijli S.M. _9587962 |
||
| 245 | 0 | _aEthical reflection and present society | |
| 260 |
_aDelhi _bIdarah i Adabiyat i Delli India _c1999 |
||
| 300 |
_avii, 140p. _ccm. |
||
| 650 | _aPHILOSOPHY | ||
| 942 |
_hR43, N9 _cTEXL _2cc |
||
| 999 |
_c944585 _d944585 |
||